| 000 | 00737nam a22002417a 4500 | ||
|---|---|---|---|
| 001 | 9710 | ||
| 003 | BD-RjUL | ||
| 005 | 20211208234825.0 | ||
| 008 | 140121s1981 nyua||||| |||| 00| 0 eng d | ||
| 020 | _a0030581915 | ||
| 035 | _a(BD-RjUL) 9755 | ||
| 040 |
_aBD-RjUL _beng _cBD-RjUL |
||
| 041 | _aeng | ||
| 082 |
_a540 _bWHG 1981 |
||
| 100 |
_aWhitten, Kenneth W _928092 |
||
| 245 |
_aGeneral chemistry and general chemistry with qualitative analysis / _cby Kenneth W Whitten; Kenneth D Gailey |
||
| 260 |
_aNew York : _bSaunders, _c1981 |
||
| 300 |
_a188 p. : _bill. ; _c23 cm. |
||
| 500 | _aInstructor's manual/Solutions manual to Accompany. | ||
| 650 |
_aChemistry _930024 |
||
| 700 |
_aGailey, Kenneth G. _930025 |
||
| 942 |
_2ddc _cBK |
||
| 999 |
_c9710 _d9710 |
||